| 000 | 00596nam a2200193 a 4500 | ||
|---|---|---|---|
| 005 | 20240919064746.0 | ||
| 008 | 030514s1971 ag r 000 0 spa d | ||
| 035 | _aUPN01000124164 | ||
| 049 | _aCG | ||
| 050 | 4 |
_aLB1025.2 _bB3.38 |
|
| 100 | 1 | _aBantock, G. H. | |
| 245 | 1 | 3 |
_aLa escuela en la sociedad industrial / _cG. H. Bantock ; tr. Leonardo Wadel. |
| 260 |
_aBuenos Aires : _bPaidós, _c1971. |
||
| 300 | _a135 p. | ||
| 440 | 0 |
_aBiblioteca del educador contemporáneo. _pSerie menor ; _v121 |
|
| 650 | 4 |
_aEnseñanza _96215 |
|
| 650 | 4 |
_aEducación _xAspectos sociales _95311 |
|
| 905 | _aLibro | ||
| 999 |
_c96343 _d96343 |
||